<?xml version="1.0" encoding="UTF-8"?>
<record
    xmlns:xsi="http://www.w3.org/2001/XMLSchema-instance"
    xsi:schemaLocation="http://www.loc.gov/MARC21/slim http://www.loc.gov/standards/marcxml/schema/MARC21slim.xsd"
    xmlns="http://www.loc.gov/MARC21/slim">

  <leader>00477nam a22001577a 4500</leader>
  <controlfield tag="005">20231218000943.0</controlfield>
  <controlfield tag="008">231211b        |||||||| |||| 00| 0 eng d</controlfield>
  <datafield tag="020" ind1=" " ind2=" ">
    <subfield code="a">967992152</subfield>
  </datafield>
  <datafield tag="082" ind1=" " ind2=" ">
    <subfield code="2">22</subfield>
    <subfield code="a">305.4. </subfield>
  </datafield>
  <datafield tag="245" ind1=" " ind2=" ">
    <subfield code="a">Asian and pacific women's resource and action series health.</subfield>
    <subfield code="c">Asian and  pacific development centre.</subfield>
  </datafield>
  <datafield tag="250" ind1=" " ind2=" ">
    <subfield code="a">1st.</subfield>
  </datafield>
  <datafield tag="260" ind1=" " ind2=" ">
    <subfield code="a">Malaysia.</subfield>
    <subfield code="b">Asian and pacific development Centre.,</subfield>
    <subfield code="c">1989.</subfield>
  </datafield>
  <datafield tag="300" ind1=" " ind2=" ">
    <subfield code="a">viii, 298 p.:</subfield>
  </datafield>
  <datafield tag="650" ind1=" " ind2=" ">
    <subfield code="a">Action series.</subfield>
  </datafield>
  <datafield tag="942" ind1=" " ind2=" ">
    <subfield code="c">L</subfield>
  </datafield>
  <datafield tag="952" ind1=" " ind2=" ">
    <subfield code="0">0</subfield>
    <subfield code="1">0</subfield>
    <subfield code="4">0</subfield>
    <subfield code="7">0</subfield>
    <subfield code="8">L</subfield>
    <subfield code="a">WERCL</subfield>
    <subfield code="b">WERCL</subfield>
    <subfield code="d">2023-12-11</subfield>
    <subfield code="l">0</subfield>
    <subfield code="o">305.4. </subfield>
    <subfield code="p">6939</subfield>
    <subfield code="r">2023-12-11</subfield>
    <subfield code="w">2023-12-11</subfield>
    <subfield code="y">L</subfield>
  </datafield>
  <datafield tag="999" ind1=" " ind2=" ">
    <subfield code="c">174</subfield>
    <subfield code="d">174</subfield>
  </datafield>
</record>
